00351nam a22001337a 4500003000400000005001700004008004100021050002300062082002100085245002100106260004700127300002000174650002300194OSt20140310182058.0130823t xxu||||| |||| 00| 0 eng d aTR 605b.F585 1962 aHS 778bF61 1962 aFlash pictures / aNew York :bEastman Kodak Company,cc1962. a52 p. ;c22 cm. aPhotographyxLight